Регионална библиотека "Любен Каравелов" - Русе

Ницше в България (Запис номер 144499)

MARC детайли
000 -Лидер
Контролно поле с фиксирана дължина 01943nam a2200421 c 4500
003 - Код на организацията, давaща контролен номер
Контролно поле BLK
005 - Дата и час на последна редакция
Контролно поле 20191009092422.0
008 - Елементи от данни с фиксирана дължина
fixed length control field 180410b bul|||||r ||||||| ||bul||
010 ## - Наследен системен номер
LC control number KNG00150653000
020 ## - Международен стандартен номер на книга ISBN
Международен стандартен номер на книга ISBN 978-954-322-448-7
040 ## - Източник на каталожния запис
Идентификатор на билиотеката - собственик на записа BLK
041 ## - Код за език
Код за езика на текст/звукозапис или на отделно заглавие Български
Код за езика КДБФ Български
072 #7 - Код за тематичната категория
Код организация bullib
Код за тематична категория Н10
Текст Философия Н
080 ## - УДК
Текстов определител УДК Общи работи. Философски науки в цялост
УДК код - определител по УДК 101
УДК определител (430)(092)
УДК - код + определител 101(430)(092)
080 ## - УДК
Текстов определител УДК Немски филолог, философ и писател
УДК код - определител по УДК 929 Ницше, Фридрих Вилхелм
УДК - код + определител 929 Ницше, Фридрих Вилхелм
139 ## - Редно поле
Редна дума Ницше в България
Авторски знак Ниц - Н 83
245 10 - Сведения за заглавието
Заглавие Ницше в България
Подзаглавни данни Антология
Редно поле (дума) състав. Латьо Йорданов Латев; състав. Анани Борисов Стойнев.
257 ## - Страна на издаване
Страна на създаване/издаване България
260 ## - Област на издателските данни
Име на издателя, разпространителя и проч. Акад. изд. Проф. Марин Дринов
Година на издаване 2012
300 ## - Физическа характеристика
Страници 331 с.
Размери/Мащаб 24 см
380 ## - Жанр
Жанр Философия
490 1# - СЕРИИ (Колекции)
Име на серия Поредица Българска философска мисъл и българска култура
500 ## - Общи забележки
Забележка Изд. на БАН. Институт за изследване на обществата и знанието
600 14 - Име на лице, използвано като предмет
За него / За нея Ницше, Фридрих Вилхелм
9 (RLIN) 363407
650 #4 - Допълнително описание по предмет – тема
Основно описание – тема или топоним Философи, немски
9 (RLIN) 245069
650 #4 - Допълнително описание по предмет – тема
Основно описание – тема или топоним Философия, немска - история
9 (RLIN) 281576
651 #4 - Допълнително описание по предмет - топоним
Географско понятие Германия
9 (RLIN) 178754
653 ## - Ключова дума – ненормативна
Ключова дума немски философи
653 ## - Ключова дума – ненормативна
Ключова дума Фридрих Ницше
659 ## - Тематичен бюлетин
Тематичен бюлетин Н
700 1# - Други автори (авторска отговорност)
Лично име Латев, Латьо Йорданов
Автороска отговорност (Описва отношението между автора и произведението) състав.
9 (RLIN) 379851
700 1# - Други автори (авторска отговорност)
Лично име Стойнев, Анани Борисов
Автороска отговорност (Описва отношението между автора и произведението) състав.
9 (RLIN) 363620
852 ## - Местоположение
Форматна сигнатура Цб 264744
856 4# - Електронен адрес и достъп
Електронен формат pdf - файл
856 4# - Електронен адрес и достъп
Електронен формат pdf - файл
999 ## - СИСТЕМНИ КОНТРОЛНИ НОМЕРА
Koha biblionumber 144499
Koha biblioitemnumber 144499
942 ## - АРТИКУЛИ
Вид на библиотечния материал Книги
Скрит в OPAC Не
Koha issues (borrowed), all copies 1
944 ## - СЪЗДАВАНЕ И РЕДАКЦИЯ на ЗАПИСА
Създаване/Редакция Създаване
Дата на регистрацията/редакция 20.09.2013
Служител, извършил регистрацията/редакцията Наталия_Медовщикова
944 ## - СЪЗДАВАНЕ И РЕДАКЦИЯ на ЗАПИСА
Създаване/Редакция Редакция
Дата на регистрацията/редакция 04.03.2014
999 ## - СИСТЕМНИ КОНТРОЛНИ НОМЕРА
Koha biblioitemnumber 144499
Наличности
Код за отписване Код за изгубен артикул Код за повреда Коз за рестрикции Код за отдаване Артикулен № Име на библиотеката - собственик Име на библиотеката, в която се намира в момента Статус (Текущо местоположение) Дата на вписване в системата Местоположение - отдел Цена в лева Инвентарен номер Систематично азбучна сигнатура Баркод Номер на екземпляра Цена в евро Служебна бележка Служебен тип на артикула Източник на класификационната схема
  Не е изгубен Не е повреден без рестрикции ползва се в читалня 240007 Регионална библиотека "Любен Каравелов" Русе Регионална библиотека "Любен Каравелов" Русе Хранилище 2013-09-20 Хранилище 13.00 120000769543 Цб 264744 120000769543 1 6.65 Дост: Dp Вид: Д N: 25 Дата: 15.06.2012 Книги  
  Не е изгубен Не е повреден без рестрикции заемане за дома 687842 Регионална библиотека "Любен Каравелов" Русе Регионална библиотека "Любен Каравелов" Русе Заемна - подръчен фонд 2019-01-02 Заемна - подръчен фонд 9.90   П 101(092)/Н 93 120000828864   5.06   Книги Universal Decimal Classification
Vip Innovations Ltd, Rousse, Bulgaria 2025